| 000 -ლიდერი |
| ფიქსირებული სიგრძის საკონტროლო ველი |
01579nam a2200301Ia 4500 |
| 001 - საკონტროლო ნომერი |
| საკონტროლო ველი |
1763 |
| 003 - საკონტროლო ნომრის იდენტიფიკატორი |
| საკონტროლო ველი |
GE_BSU |
| 005 - ბოლო ოპერაციის თარიღი და დრო |
| საკონტროლო ველი |
20230919170300.0 |
| 008 - ფიქსირებული სიგრძის მონაცემთა ელემენტები - ზოგადი ინფორმაცია |
| ფიქსირებული სიგრძის საკონტროლო ველი |
181216s1986||||ge |||||||||||||| ||geo|| |
| 040 ## - კატალოგიზაციის წყარო |
| Transcribing agency |
GE_BSU |
| 041 ## - ენის კოდი |
| Language code of text/sound track or separate title |
geo |
| 080 ## - უნივერსალური ათობითი კლასიფიკაციის ინდექსი |
| Universal Decimal Classification number |
1(479.22)(09) უ–59 |
| 100 ## - მთავარი ჩანაწერი - პიროვნების სახელი |
| Personal name |
ურიდია, ბორის |
| 9 (RLIN) |
19847 |
| 245 ## - ცნობა სათაურის შესახებ |
| Title |
მეოცე საუკუნის ქართული ფილოსოფიის ისტორიიდან / |
| Statement of responsibility, etc |
ბორის ურიდია; რედ.: გ. შუშანაშვილი, ვ. კალანდარიშვილი. |
| 264 ## - წარმოების, გამოცემის, დისტრიბუციის და სხვა ცნობები |
| გამოცემის, წარმოების, დისტრიბუციის... ადგილი |
თბილისი : |
| გამოცემის, წარმოების, დისტრიბუციის... სახელწოდება |
განათლება, |
| გამოცემის, წარმოების, დისტრიბუციის... თარიღი |
1986. |
| 300 ## - ფიზიკური აღწერა |
| Extent |
323 გვ. ; |
| Other physical details |
21 სმ. |
| 504 ## - BIBLIOGRAPHY, ETC. NOTE |
| Bibliography, etc |
ბიბლიოგრ. ტექსტ. შენიშვნ. |
| 653 ## - INDEX TERM--UNCONTROLLED |
| Uncontrolled term |
ნუცუბიძე, შალვა, ფილოსოფოსი |
| 653 ## - INDEX TERM--UNCONTROLLED |
| Uncontrolled term |
დანელია, სერგი, ფილოსოფოსი. |
| 653 ## - INDEX TERM--UNCONTROLLED |
| Uncontrolled term |
გოგიბერიძე, მოსე, ფილოსოფოსი |
| 653 ## - INDEX TERM--UNCONTROLLED |
| Uncontrolled term |
ბაქრაძე, კოტე, ფილოსოფოსი |
| 653 ## - INDEX TERM--UNCONTROLLED |
| Uncontrolled term |
წერეთელი, სავლე, ფილოსოფოსი. |
| 653 ## - INDEX TERM--UNCONTROLLED |
| Uncontrolled term |
ქართული ფილოსოფიის ისტორია |
| 700 ## - ADDED ENTRY--PERSONAL NAME |
| Personal name |
შუშანაშვილი, გ. |
| Relator term |
რედაქტორი. |
| 9 (RLIN) |
3711 |
| 700 ## - ADDED ENTRY--PERSONAL NAME |
| Personal name |
კალანდარიშვილი, ვ. |
| Relator term |
რედაქტორი |
| 9 (RLIN) |
3604 |
| 942 ## - ADDED ENTRY ELEMENTS (KOHA) |
| Koha item type |
წიგნი |
| Source of classification or shelving scheme |
|